Statistics for Aussie NRL Teams

Click here to take the quiz!

General Stats

  • This quiz has been taken 485 times
  • The average score is 13 of 16

Answer Stats

Team Names% Correct
Melbourne Storm
92%
Brisbane Broncos
90%
Canterbury Bulldogs
87%
North Queesnland Cowboys
87%
Sydney Roosters
86%
South Sydney Rabbitohs
85%
Gold Coast Titans
84%
Parramatta Eels
84%
Canberra Raiders
81%
New Zealand Warriors
81%
Wests Tigers
81%
Cronulla Sharks
80%
Penrith Panthers
79%
St George Illawarra Dragons
78%
Manly Sea Eagles
77%
Newcastle Knights
76%

Score Distribution

Percentile by Number Answered

Percent of People with Each Score

Your Score History

You have not taken this quiz